00734nam a2200229Ia 4500001000600000003000900006008004100015040001300056040001300069041001300082100002400095100002900119245008000148245007100228250001100299260001200310260001300322260004900335300005900384650003000443650003100473G5382IT-RoPAU130308s9999 xx 000 0 und d aIT-RoPAU cIT-RoPAU aITALIANO aBrunetta Gian Piero gCodice Aut. SPICS: 8747 aDiario dell'immaginario giovanile: per un censimento degli aspiranti autori bCinema della Transizione (Il). scenari Italiani degli Anni Novanta a1a ed. aVENEZIA bMarsilio c2000 [1° Ed.:2000 - Ed.Ling.Originale:2000] a"12 p. (prefazione: no ; testo: 12 [pagine: 160-171])" aTEORICHE CINEMATOGRAFICHE eCodice materia Spics: 6805